Regiões metropolitanas mais populosas do Canadá - Statistics

Estatísticas Gerais
  • Esse quiz foi jogado 87 vezes
  • A pontuação média é 6 de 10
Estatísticas das Respostas
Posição População Província Cidade % Correto
1 5 928 040 Ontário Toronto
97%
5 1 323 783 Ontário Ottawa
90%
3 2 463 431 Colúmbia Britânica Vancouver
88%
2 4 098 927 Quebec Montreal
81%
7 800 296 Quebec Quebec
69%
4 1 392 609 Alberta Calgary
57%
6 1 321 426 Alberta Edmonton
57%
8 778 489 Manitoba Winnipeg
43%
9 747 545 Ontário Hamilton
37%
10 523 894 Ontário Kitchener
9%
Nenhum quiz correspondente encontrado
Distribuição das Pontuações
Porcentagem de Pessoas com Cada Pontuação
Percentil de Números Respondidos
Sua Pontuação Histórica
Você não jogou esse quiz